000 00334pab a2200133 454500
008 180718b1990 xxu||||| |||| 00| 0 eng d
245 _aCan Government agencies be managed ? Panel Discussion
260 _c1990
300 _a27-38
362 _aSummer
650 _aGovernment Agencies - U.S.A.
773 _aBureaucrat
909 _a9487
999 _c9487
_d9487